Time saver standards for architectural design : Technical data for professinoal practice

محفوظ في:
التفاصيل البيبلوغرافية
المؤلف الرئيسي: Watson, Donald
التنسيق: كتاب
اللغة:Undetermined
منشور في: New York McGraw- Hill 2005
الموضوعات:
الوسوم: إضافة وسم
لا توجد وسوم, كن أول من يضع وسما على هذه التسجيلة!
Thư viện lưu trữ: Trung tâm Học liệu Trường Đại học Cần Thơ
LEADER 00744nam a2200217Ia 4500
001 CTU_212802
008 210402s9999 xx 000 0 und d
082 |a 721 
082 |b W338 
100 |a Watson, Donald 
245 0 |a Time saver standards for architectural design : 
245 0 |b Technical data for professinoal practice 
245 0 |c Donald Watson, Michael J. Crosbie 
260 |a New York 
260 |b McGraw- Hill 
260 |c 2005 
650 |a Building,Standard, engineering,Architectural design 
650 |x Handbooks, manuals, etc,Handbooks, manuals, etc,Handbooks, manuals, etc 
904 |i Tuyến 
910 |a Sách kèm đĩa có số AV.000638 
980 |a Trung tâm Học liệu Trường Đại học Cần Thơ